| 000 | 00705nam a2200241 a 4500 | ||
|---|---|---|---|
| 999 |
_c964 _d964 |
||
| 005 | 20191224041549.0 | ||
| 008 | 140224b1996 ck ||||| |||| 00| 0 spa d | ||
| 040 |
_aCO-BoIAVH _cCO-BoIAVH |
||
| 041 | _aspa | ||
| 044 | _ack | ||
| 090 | _aIND- | ||
| 100 | 1 | _aMahecha Vega, Gilberto Emilio | |
| 245 | 1 | _aDendrología y vegetación superior de la Reserva Biológica Sasardi (Trigana, Chocó) | |
| 260 |
_aBogotá: _bInderena; _c1996. |
||
| 300 | _a85 páginas | ||
| 500 | _aProyecto Biopacífico | ||
| 650 | 1 | _aDendrología | |
| 650 | 6 | _aVegetación | |
| 650 | 6 | _aInventarios | |
| 650 | 6 | _aUso de biodiversidad | |
| 662 |
_aColombia _bChocó |
||
| 942 |
_cINFORME _2z _02 |
||